Mezclas de microconcreto para modelos estructurales

Salvato in:
Dettagli Bibliografici
Autore principale: Espinoza Blanco, Edwin A.
Natura: Libro
Pubblicazione: 1991 San José, Costa Rica
Soggetti:
Tags: Aggiungi Tag
Nessun Tag, puoi essere il primo ad aggiungerne!!

MARC

LEADER 00000nam a2200000Ia 4500
003 011127
005 20221231144119.0
008 140114s1991 cr a m 000 ||s d
040 |c cru CEDI  
090 |a TFG 2415 
100 |a Espinoza Blanco, Edwin A.  |9 5456 
245 |a Mezclas de microconcreto para modelos estructurales 
260 |c  San José, Costa Rica  |b 1991 
300 |a  xviii, 154 hojas : ilustraciones ; 28 cm.  
500 |a  Tesis (licenciatura en ingenieria civil)--Universidad de Costa Rica. Facultad de Ingeniería. Escuela de Ingenieria Civil, 
650 |x HORMIGON - MEZCLAS - MEZCLAS  |9 5457 
942 |c TFG 
999 |c 17098  |d 17098